Vanni ovvero io, lui, l'altro e l'Hiv /

Uloženo v:
Podrobná bibliografie
Hlavní autor: Lacchei, Massimo (Autor)
Médium: Kniha
Jazyk:italština
Vydáno: Roma : Il ventaglio, \1995!
Edice:L'orso bianco
Tagy: Přidat tag
Žádné tagy, Buďte první, kdo vytvoří štítek k tomuto záznamu!

MARC

LEADER 00000nam a22000007i 4500
001 IT\ICCU\BVE\0112907
003 ItRI
005 20260115231939.0
008 970226s1995 it |||||| ||||| |||||c
020 |a 8881260131 
040 |b ita  |c importazione bologna sebina 
041 7 |a ita  |2 ISO-639-2 
100 1 |a Lacchei, Massimo  |0 IT\ICCU\BVEV\046106  |4 aut 
245 1 0 |a Vanni ovvero io, lui, l'altro e l'Hiv /  |c Massimo Lacchei. 
260 |a Roma :  |b Il ventaglio,  |c \1995! 
300 |a 170 p. ;  |c 22 cm. 
830 2 |a L'orso bianco  |0 IT\ICCU\BVE\0014830 
942 |2 ddc  |c BK  |n 0 
952 |0 0  |1 0  |4 0  |6 DOC_853_914000000000000_LAC  |7 0  |9 17506  |a BO  |b BO  |d 2026-01-15  |i 5100  |l 0  |o DOC 853.914 LAC  |p BO5100  |r 2026-01-15 23:19:39  |w 2026-01-15  |x [Sebina 5] [1 v.]  |y BK  |z 1 v. 
999 |c 14930  |d 14930